[Event "I Festival dell'Etna A"]
[Site "Nicolosi ITA"]
[Date "2014.12.06"]
[Round "3"]
[White "Licata, Silvio"]
[Black "Norrito, Salvatore"]
[WhiteElo "1489"]
[BlackElo "1564"]
[Result "1-0"]
[PlyCount "139"]
[EventDate "2014.12.05"]

1. c4 Nf6 2. Nc3 c6 3. e4 d6 4. d4 Nbd7 5. Nf3 e5 6. Bg5 g6 7. dxe5 dxe5 8. a3
Qc7 9. Qd2 h6 10. Bh4 Bg7 11. Be2 O-O 12. O-O Nc5 13. Bxf6 Nb3 14. Qe3 Bxf6 15.
Rad1 Kg7 16. Na4 Bg4 17. Qxb3 Be6 18. Nc5 Bc8 19. Rd2 b6 20. Nd3 Bb7 21. Re1 c5
22. Bd1 Rfe8 23. Nc1 Bc6 24. Na2 Rab8 25. Qe3 Ba8 26. Nc3 b5 27. Nxb5 Qa5 28.
Qc3 Qxc3 29. Nxc3 Bd8 30. Ree2 Bb6 31. Rd7 Bc6 32. Rd6 Bb7 33. b4 cxb4 34. axb4
Bc7 35. Rd7 Bd8 36. Bb3 Bc8 37. Rxa7 Rxb4 38. Ba2 Be6 39. Nxe5 Bf6 40. f4 Bxe5
41. fxe5 Bxc4 42. Rf2 Rf8 43. Bxc4 Rxc4 44. Rf3 g5 45. e6 Rcc8 46. Raxf7+ Kg8
47. e7 Rfe8 48. Rf8+ Rxf8 49. exf8=Q+ Rxf8 50. Rxf8+ Kxf8 51. Kf2 Ke7 52. Ke3
Ke6 53. g4 Ke5 54. h3 Kd6 55. Kd4 Ke6 56. Nd5 Kd6 57. Ne3 Ke6 58. Nf5 h5 59.
gxh5 Kf6 60. Kd5 Kf7 61. Ke5 Kg8 62. Kf6 Kf8 63. e5 Ke8 64. e6 Kf8 65. h6 Kg8
66. h7+ Kxh7 67. e7 Kh8 68. e8=Q+ Kh7 69. Qg6+ Kh8 70. Qg7# 1-0

[Event "I Festival dell'Etna A"]
[Site "Nicolosi ITA"]
[Date "2014.12.06"]
[Round "3"]
[White "Ljubisavljevic, Zivojin Z."]
[Black "Sardo, Gabriele"]
[WhiteElo "2161"]
[BlackElo "2211"]
[Result "1-0"]
[PlyCount "51"]
[EventDate "2014.12.05"]

1. d4 Nf6 2. c3 d5 3. Bf4 e6 4. e3 c5 5. Nd2 Nc6 6. Ngf3 Bd6 7. Bxd6 Qxd6 8.
Bd3 O-O 9. O-O e5 10. dxe5 Nxe5 11. Nxe5 Qxe5 12. Qf3 b6 13. Qg3 Qe7 14. a4 Rd8
15. a5 b5 16. Bxb5 Qb7 17. Ba4 Qxb2 18. Bc6 Bb7 19. Rab1 Qxd2 20. Bxb7 Rab8 21.
Qc7 Rf8 22. Qxc5 a6 23. Qd4 Qxd4 24. cxd4 Ne4 25. Bxa6 Ra8 26. Rb6 1-0

[Event "I Festival dell'Etna A"]
[Site "Nicolosi ITA"]
[Date "2014.12.06"]
[Round "3"]
[White "Mammoliti, Raffaele"]
[Black "Biot, Thomas"]
[WhiteElo "1512"]
[BlackElo "1602"]
[Result "0-1"]
[PlyCount "108"]
[EventDate "2014.12.05"]

1. d4 Nf6 2. c4 e6 3. Nc3 d5 4. Bf4 Nh5 5. Bd2 dxc4 6. e3 Nf6 7. Bxc4 b6 8.
Bb5+ c6 9. Bd3 Bb7 10. Nf3 Be7 11. O-O c5 12. Bb5+ Nbd7 13. Ne5 O-O 14. Bc6 Qc8
15. Qa4 Nxe5 16. Bxb7 Qxb7 17. dxe5 Nd7 18. f4 Rfd8 19. Rad1 a6 20. Qc2 b5 21.
Ne4 Qb6 22. Nd6 Bxd6 23. exd6 Nf8 24. Qe4 Ra7 25. Rc1 Rxd6 26. Bc3 b4 27. Be5
Rd5 28. f5 Nd7 29. Bxg7 Kxg7 30. Qg4+ Kf8 31. f6 Ke8 32. Qg8+ Nf8 33. Rf3 Qd6
34. h3 Rd2 35. Rff1 Qd5 36. Rfe1 Rd7 37. Qg4 Rxb2 38. Qf3 Qd6 39. e4 Qd4+ 40.
Kh1 Rf2 41. Qg3 Rd2 42. Qb8+ Rd8 43. Qc7 Nd7 44. e5 Qd5 45. Rg1 Rxa2 46. Rcd1
Rd2 47. Ra1 Qxe5 48. Qc6 Qd5 49. Qxa6 Nxf6 50. Qf1 Ne4 51. Qb5+ Kf8 52. Rad1
Nf2+ 53. Kh2 Qe5+ 54. g3 Ng4+ 0-1

[Event "I Festival dell'Etna A"]
[Site "Nicolosi ITA"]
[Date "2014.12.06"]
[Round "3"]
[White "Nobile, Stefano"]
[Black "Fabiano, Giuseppe"]
[WhiteElo "1803"]
[BlackElo "2015"]
[Result "0-1"]
[PlyCount "94"]
[EventDate "2014.12.05"]

1. Nf3 c5 2. g3 b6 3. Bg2 Bb7 4. O-O Nf6 5. d3 d5 6. Nbd2 e6 7. e4 Nc6 8. e5
Nd7 9. Re1 g5 10. h3 h6 11. c3 Qc7 12. d4 cxd4 13. cxd4 Nb4 14. Re3 Qc2 15. Re1
Qg6 16. Bf1 Nc2 17. Nb3 Nxe1 18. Nxe1 Be7 19. Bd3 Qg7 20. Bd2 O-O 21. Qe2 f6
22. Bb5 Rfd8 23. Nd3 Nf8 24. exf6 Bxf6 25. Ne5 Bxe5 26. dxe5 a6 27. Bd3 d4 28.
Rc1 Rd5 29. f4 gxf4 30. Bxf4 Ng6 31. Qg4 Nf8 32. Qxg7+ Kxg7 33. Rc7+ Rd7 34.
Rxd7+ Nxd7 35. Nxd4 Bd5 36. a3 Nc5 37. Bc2 a5 38. Kf2 Rb8 39. Ke3 b5 40. g4 b4
41. g5 hxg5 42. Bxg5 b3 43. Bf6+ Kh6 44. Bd1 Na4 45. Bg4 Nxb2 46. Kd2 Nc4+ 47.
Kc1 b2+ 0-1

[Event "I Festival dell'Etna A"]
[Site "Nicolosi ITA"]
[Date "2014.12.06"]
[Round "3"]
[White "Novak, Ksenija"]
[Black "Lo Piccolo, Antonino"]
[WhiteElo "2087"]
[BlackElo "1875"]
[Result "1-0"]
[PlyCount "63"]
[EventDate "2014.12.05"]

1. Nf3 d5 2. d4 Nf6 3. c4 dxc4 4. e3 e6 5. Bxc4 c5 6. O-O a6 7. a4 Nc6 8. Nc3
Be7 9. Qe2 cxd4 10. exd4 Nxd4 11. Nxd4 Qxd4 12. Rd1 Qg4 13. f3 Qh5 14. g4 Bc5+
15. Kg2 Qh4 16. b4 Bxb4 17. Bb5+ axb5 18. Qxb5+ Bd7 19. Qxb4 Bc6 20. Rd4 h5 21.
Nb5 Bxf3+ 22. Kg1 Nd5 23. Nd6+ Kd7 24. Qxb7+ Kxd6 25. Bf4+ e5 26. Qb6+ Ke7 27.
Qc5+ Ke6 28. Qc6+ Ke7 29. Bxe5 Rhd8 30. Qc5+ Ke6 31. Bg3 Qg5 32. Re1+ 1-0

[Event "I Festival dell'Etna A"]
[Site "Nicolosi ITA"]
[Date "2014.12.06"]
[Round "3"]
[White "Oddo, Salvatore"]
[Black "Mihajlova, Diana"]
[WhiteElo "1604"]
[BlackElo "1478"]
[Result "1-0"]
[PlyCount "69"]
[EventDate "2014.12.05"]

1. Nf3 f5 2. g3 Nf6 3. Bg2 Nc6 4. d3 e5 5. Nbd2 d5 6. c3 Bd6 7. O-O f4 8. e4
fxg3 9. fxg3 Bg4 10. Qb3 O-O 11. exd5 Bc5+ 12. Kh1 Na5 13. Qc2 Nxd5 14. Ne4 Ne3
15. Bxe3 Bxe3 16. Nxe5 Be6 17. b4 Nc6 18. Nxc6 bxc6 19. a3 Qd7 20. Qe2 Bh6 21.
Nc5 Rxf1+ 22. Rxf1 Qd6 23. Qxe6+ Qxe6 24. Nxe6 Re8 25. Bxc6 Rc8 26. b5 Bd2 27.
c4 h6 28. Bd5 g6 29. Nxc7+ Kh8 30. Ne6 Bb4 31. Rf7 Bc5 32. Nxc5 Rxc5 33. Rxa7
Rc8 34. Ra8 Rxa8 35. Bxa8 1-0

[Event "I Festival dell'Etna A"]
[Site "Nicolosi ITA"]
[Date "2014.12.06"]
[Round "3"]
[White "Pace, Colin"]
[Black "Efimov, Igor"]
[WhiteElo "2095"]
[BlackElo "2409"]
[Result "1/2-1/2"]
[PlyCount "28"]
[EventDate "2014.12.05"]

1. e4 c5 2. Nf3 a6 3. c3 d6 4. d4 Nd7 5. Bd3 Qc7 6. O-O Ngf6 7. Re1 e5 8. a4
Be7 9. Nbd2 O-O 10. a5 cxd4 11. cxd4 exd4 12. Nxd4 Ne5 13. Qc2 Qxc2 14. Bxc2
Bd7 1/2-1/2

[Event "I Festival dell'Etna A"]
[Site "Nicolosi ITA"]
[Date "2014.12.06"]
[Round "3"]
[White "Russo, Alfio"]
[Black "Fasino, Salvatore"]
[WhiteElo "1867"]
[BlackElo "1604"]
[Result "1-0"]
[PlyCount "77"]
[EventDate "2014.12.05"]

1. d4 Nf6 2. Nf3 d6 3. g3 g6 4. Bg2 Bg7 5. O-O O-O 6. c4 Nbd7 7. Nc3 e5 8. e3
Ne8 9. b4 f5 10. Qb3 Kh8 11. d5 e4 12. Nd4 Ne5 13. c5 Nf6 14. Ba3 Nd3 15. Rad1
Ng4 16. Ne6 Bxe6 17. dxe6 c6 18. cxd6 Qxd6 19. Bxe4 Qe5 20. Bxd3 Qxc3 21. Qxc3
Bxc3 22. b5 Rfe8 23. bxc6 bxc6 24. Rc1 Ba5 25. Rxc6 Kg8 26. Bb2 Rad8 27. Bc4
Kf8 28. h3 Nh6 29. Bf6 Rd2 30. Bd4 Ng8 31. Bxa7 Ne7 32. Ra6 Bc7 33. Bc5 Rc2 34.
Bxe7+ Kxe7 35. Bb3 Rd2 36. Rc1 Bb8 37. Rb6 Red8 38. Rb7+ Ke8 39. Ba4+ 1-0

[Event "I Festival dell'Etna A"]
[Site "Nicolosi ITA"]
[Date "2014.12.06"]
[Round "3"]
[White "Santagati, Alessandro"]
[Black "Favaloro, Andrea"]
[WhiteElo "2212"]
[BlackElo "2026"]
[Result "1-0"]
[PlyCount "73"]
[EventDate "2014.12.05"]

1. e4 c5 2. c3 g6 3. d4 Bg7 4. dxc5 Qc7 5. Be3 Nf6 6. Nd2 O-O 7. h3 Rd8 8. Ngf3
d5 9. cxd6 exd6 10. Bc4 d5 11. exd5 Nxd5 12. Bxd5 Rxd5 13. O-O Nc6 14. Qa4 Bf5
15. Nb3 Rad8 16. Nbd4 Bd7 17. Qc4 Rh5 18. Ng5 Rf8 19. Nb5 Qd8 20. Rad1 h6 21.
Nxf7 Rxf7 22. Nd6 Rhf5 23. Nxf7 Rxf7 24. Rd6 Ne5 25. Qb3 Qc7 26. Rfd1 Bf8 27.
Rf6 Be8 28. Bd4 Bg7 29. Re6 Bc6 30. Re1 Nd3 31. R1e3 Qf4 32. Rxg6 Qxf2+ 33. Kh2
Kh7 34. Qxf7 Qxf7 35. Rxg7+ Qxg7 36. Bxg7 Nxb2 37. Bd4 1-0

[Event "I Festival dell'Etna A"]
[Site "Nicolosi ITA"]
[Date "2014.12.06"]
[Round "3"]
[White "Savina, Anastasia"]
[Black "Pisacane, Pietro"]
[WhiteElo "2397"]
[BlackElo "2110"]
[Result "1-0"]
[PlyCount "67"]
[EventDate "2014.12.05"]

1. d4 Nf6 2. c4 g6 3. Nc3 Bg7 4. e4 d6 5. Nf3 O-O 6. h3 c5 7. d5 a6 8. a4 e6 9.
Bd3 exd5 10. exd5 Re8+ 11. Be3 Nbd7 12. O-O Ne5 13. Nxe5 Rxe5 14. Bf4 Re8 15.
Qd2 Nh5 16. Bg5 f6 17. Be3 f5 18. Bg5 Bf6 19. Bxf6 Qxf6 20. Rfe1 Bd7 21. a5
Rxe1+ 22. Rxe1 Re8 23. Rxe8+ Bxe8 24. Ne2 Bd7 25. b4 f4 26. Be4 cxb4 27. Qxb4
Qa1+ 28. Kh2 Qf1 29. Bf3 Qxf2 30. Qxd6 Ng3 31. Qb8+ Kg7 32. Qe5+ Kf8 33. d6 Nf5
34. Bd5 1-0

[Event "I Festival dell'Etna A"]
[Site "Nicolosi ITA"]
[Date "2014.12.06"]
[Round "3"]
[White "Seminara, Antonio"]
[Black "Gigante, Giovanni"]
[WhiteElo "1963"]
[BlackElo "1801"]
[Result "1-0"]
[PlyCount "39"]
[EventDate "2014.12.05"]

1. d4 e6 2. c4 Nf6 3. Nc3 d6 4. e4 Nbd7 5. f4 Be7 6. Nf3 O-O 7. Bd3 c5 8. d5
exd5 9. exd5 Re8 10. O-O Nf8 11. h3 Ng6 12. f5 Ne5 13. Nxe5 dxe5 14. g4 Nd7 15.
Ne4 Nf8 16. g5 Rb8 17. f6 Bd6 18. Qh5 Ng6 19. fxg7 Nf4 20. Rxf4 1-0

[Event "I Festival dell'Etna A"]
[Site "Nicolosi ITA"]
[Date "2014.12.06"]
[Round "3"]
[White "Spina, Simonpietro"]
[Black "Astorina, Davide"]
[WhiteElo "1858"]
[BlackElo "1563"]
[Result "1-0"]
[PlyCount "45"]
[EventDate "2014.12.05"]

1. e4 e5 2. Nf3 Nf6 3. Bc4 Nc6 4. Ng5 d5 5. exd5 Nxd5 6. d4 Na5 7. Qf3 Be6 8.
Nxe6 fxe6 9. Qh5+ Kd7 10. Bxd5 exd5 11. Qf5+ Kc6 12. dxe5 Qe8 13. O-O Nc4 14.
Bf4 Bc5 15. Bg3 Rf8 16. Qg4 Nxe5 17. Qxg7 Nc4 18. Qxc7+ Kb5 19. Nc3+ Kb4 20.
a3+ Nxa3 21. bxa3+ Kc4 22. Qxb7 Qe6 23. Qb5+ 1-0

[Event "I Festival dell'Etna A"]
[Site "Nicolosi ITA"]
[Date "2014.12.06"]
[Round "3"]
[White "Tirenna, Francesco"]
[Black "Paladino, Antonio"]
[WhiteElo "1422"]
[BlackElo "1537"]
[Result "0-1"]
[PlyCount "76"]
[EventDate "2014.12.05"]

1. d4 Nf6 2. Bf4 g6 3. e3 Bg7 4. Be2 O-O 5. c3 d6 6. Nd2 Nc6 7. Ngf3 Nh5 8. Bg5
Nf6 9. O-O Bd7 10. Qb3 Qc8 11. Bd3 Re8 12. d5 Nd8 13. c4 e6 14. e4 e5 15. h3 b6
16. Rfc1 Nb7 17. Qa3 Nc5 18. Bc2 a5 19. b3 Qa6 20. Be3 Reb8 21. Rcb1 c6 22.
Nxe5 dxe5 23. Bxc5 bxc5 24. Qxc5 cxd5 25. exd5 e4 26. Re1 a4 27. Qe3 Re8 28.
Rab1 axb3 29. axb3 Qa2 30. Bxe4 Nxe4 31. Nxe4 f5 32. Nc3 Rxe3 33. Nxa2 Rxe1+
34. Rxe1 Rxa2 35. c5 Bd4 36. Re7 Bxc5 37. Rxd7 Bxf2+ 38. Kh2 f4 0-1

[Event "I Festival dell'Etna A"]
[Site "Nicolosi ITA"]
[Date "2014.12.06"]
[Round "3"]
[White "Todaro, Adriano"]
[Black "Bruno, Alessio"]
[WhiteElo "1748"]
[BlackElo "1338"]
[Result "1-0"]
[PlyCount "115"]
[EventDate "2014.12.05"]

1. c4 c5 2. Nf3 Nc6 3. g3 Nf6 4. Bg2 g6 5. Nc3 Bg7 6. d3 d6 7. O-O O-O 8. e4 e6
9. d4 cxd4 10. Nxd4 e5 11. Nc2 Be6 12. b3 a6 13. Bg5 Qd7 14. Bxf6 Bxf6 15. Ne3
Bg7 16. Ned5 Bxd5 17. Nxd5 Qd8 18. Qd2 Nd4 19. Rac1 Rb8 20. Nc3 Qd7 21. Ne2
Nxe2+ 22. Qxe2 Rfd8 23. Rfd1 Qe6 24. Rd5 Bf8 25. h4 h5 26. Kh2 Be7 27. Bh3 Qf6
28. Kg2 Kh7 29. Rf1 Rf8 30. f4 exf4 31. Rxf4 Qg7 32. a4 b6 33. Qd3 a5 34. Qd4
Qxd4 35. Rxd4 Rbd8 36. Rd5 Kg7 37. Rb5 Rb8 38. Rf3 Bf6 39. Rd3 Be5 40. Bd7 Rfd8
41. Bc6 Rdc8 42. Bd5 Rc7 43. b4 axb4 44. Rxb4 Rc5 45. Rdb3 Ra5 46. Rxb6 Rxb6
47. Rxb6 Rxa4 48. Rb7 Ra2+ 49. Kg1 Bxg3 50. c5 Ra1+ 51. Kg2 Bxh4 52. Rxf7+ Kh8
53. cxd6 Be1 54. d7 Ba5 55. e5 Rd1 56. e6 Rxd5 57. e7 Rg5+ 58. Kh3 1-0

[Event "I Festival dell'Etna A"]
[Site "Nicolosi ITA"]
[Date "2014.12.06"]
[Round "3"]
[White "Tondo, Salvatore"]
[Black "Barbagallo, Andrea"]
[WhiteElo "1895"]
[BlackElo "1677"]
[Result "1-0"]
[PlyCount "131"]
[EventDate "2014.12.05"]

1. e4 e6 2. d4 d5 3. e5 c5 4. c3 Nc6 5. Nf3 Qb6 6. a3 Nh6 7. b4 cxd4 8. Bxh6
gxh6 9. cxd4 Bd7 10. Be2 O-O-O 11. O-O Kb8 12. Nc3 Ne7 13. Bd3 Ng6 14. g3 Be7
15. Qb3 Rdg8 16. Kh1 h5 17. b5 h4 18. Na4 Qd8 19. Nc5 hxg3 20. fxg3 h5 21. Bxg6
Rxg6 22. Nxd7+ Qxd7 23. Rg1 Bd8 24. a4 Rg4 25. h3 Rg7 26. a5 Rhg8 27. Kh2 f5
28. exf6 Bxf6 29. a6 b6 30. Rac1 Rc8 31. Qb4 Be7 32. Qa4 Bd6 33. Ne5 Bxe5 34.
dxe5 Qe8 35. Qb4 Rgc7 36. Rxc7 Rxc7 37. Rf1 Qd7 38. Rf8+ Rc8 39. Rf4 Rc5 40.
Rf8+ Rc8 41. Rf2 Rc5 42. Qf4 Qc8 43. Qf8 Qxf8 44. Rxf8+ Rc8 45. Rf6 Re8 46. Rh6
d4 47. Kg2 d3 48. Kf2 Rd8 49. Ke1 Rg8 50. Rxh5 Rxg3 51. Kd2 Rf3 52. h4 Rh3 53.
Rh8+ Kc7 54. Rh7+ Kb8 55. h5 Rh4 56. Rb7+ Ka8 57. Re7 Kb8 58. Rxe6 Rxh5 59.
Kxd3 Rh7 60. Kd4 Kc7 61. Rc6+ Kd8 62. Kd5 Rd7+ 63. Rd6 Rxd6+ 64. Kxd6 Ke8 65.
Ke6 Kd8 66. Kf7 1-0

[Event "I Festival dell'Etna A"]
[Site "Nicolosi ITA"]
[Date "2014.12.06"]
[Round "3"]
[White "Trifoglio, Giovanni"]
[Black "Monaco, Alessandro"]
[WhiteElo "1877"]
[BlackElo "1664"]
[Result "1/2-1/2"]
[PlyCount "96"]
[EventDate "2014.12.05"]

1. e4 d5 2. exd5 Qxd5 3. Nc3 Qd6 4. d4 c6 5. g3 Nf6 6. Bg2 e6 7. Nf3 Be7 8. O-O
O-O 9. Re1 Qc7 10. Ne5 Nbd7 11. Nc4 Nd5 12. Nxd5 cxd5 13. Ne3 Nb6 14. c3 Bf6
15. Ng4 Qe7 16. Nxf6+ Qxf6 17. Bf1 Bd7 18. Bd3 Nc4 19. Qe2 Rac8 20. h4 h6 21.
Bb1 Nd6 22. Bf4 Bb5 23. Qg4 Nf5 24. Be5 Qg6 25. Qf3 h5 26. Bxf5 Qxf5 27. Qxf5
exf5 28. f3 f6 29. Bf4 Kf7 30. Kf2 Rfe8 31. Rxe8 Bxe8 32. Re1 Rc6 33. Bb8 a5
34. Re2 b5 35. Ba7 Bd7 36. Bc5 Be6 37. f4 g6 38. b3 Rc8 39. Rb2 g5 40. Kf3 Rg8
41. Rh2 gxf4 42. gxf4 Rg1 43. Bb6 a4 44. bxa4 bxa4 45. Rb2 Rc1 46. Ba5 Rh1 47.
Kg3 Rg1+ 48. Kf3 Rh1 1/2-1/2

[Event "I Festival dell'Etna A"]
[Site "Nicolosi ITA"]
[Date "2014.12.06"]
[Round "3"]
[White "Valguarnera, Girolamo"]
[Black "Marzaduri, Riccardo"]
[WhiteElo "2080"]
[BlackElo "2132"]
[Result "0-1"]
[PlyCount "132"]
[EventDate "2014.12.05"]

1. b3 d5 2. Bb2 Nf6 3. e3 Bf5 4. Nf3 Nbd7 5. Be2 e6 6. O-O Bd6 7. d3 O-O 8.
Nbd2 e5 9. Nh4 Be6 10. g3 Ne8 11. e4 c6 12. Nf5 Bxf5 13. exf5 Nef6 14. Nf3 Re8
15. Nh4 a5 16. Ng2 a4 17. bxa4 Nc5 18. Bc1 Nxa4 19. Qd2 Bc5 20. Rb1 Qd7 21. g4
h6 22. Rb3 d4 23. g5 hxg5 24. Qxg5 Nc3 25. Bf3 Be7 26. Re1 Nfd5 27. Qg3 Bf6 28.
a3 Qxf5 29. Bg4 Qg6 30. Rxb7 Reb8 31. Rxb8+ Rxb8 32. h4 Be7 33. h5 Qf6 34. Qxe5
Qxe5 35. Rxe5 Rb1 36. Re1 f5 37. Bf3 Bd6 38. Bd2 Rb2 39. Bxc3 dxc3 40. Nh4 Rxc2
41. Nxf5 Bc5 42. d4 Bxa3 43. Ne3 Nxe3 44. Rxe3 Bb2 45. Be4 Rc1+ 46. Kg2 Kf7 47.
Re2 Rd1 48. Kf3 Rxd4 49. Bg6+ Kf6 50. Rc2 c5 51. Ke3 Ke5 52. Kf3 Rd6 53. Ke3
Rf6 54. f3 Kd5 55. Be4+ Kc4 56. Bd3+ Kb3 57. f4 Rd6 58. Be4 Re6 59. Rg2 c4 60.
f5 Rxe4+ 61. Kxe4 c2 62. h6 gxh6 63. Rg3+ Ka2 64. Rg1 c1=Q 65. Rxc1 Bxc1 66. f6
Kb3 0-1

[Event "I Festival dell'Etna A"]
[Site "Nicolosi ITA"]
[Date "2014.12.06"]
[Round "3"]
[White "Vesce, Emanuele"]
[Black "Signorelli, Gaetano"]
[WhiteElo "1895"]
[BlackElo "2091"]
[Result "1/2-1/2"]
[PlyCount "82"]
[EventDate "2014.12.05"]

1. d4 f5 2. g3 Nf6 3. Bg2 g6 4. c4 Bg7 5. Nf3 O-O 6. O-O d6 7. Nc3 c6 8. Re1
Ne4 9. Qc2 Nxc3 10. bxc3 e5 11. dxe5 dxe5 12. Ba3 Re8 13. Red1 Qa5 14. Bb4 Qa6
15. c5 e4 16. Ng5 Qc4 17. e3 Kh8 18. Bf1 Qg8 19. Rd4 Be6 20. Nxe6 Qxe6 21. Rd6
Qe7 22. Rad1 Be5 23. R6d2 a5 24. Ba3 b5 25. c4 b4 26. Bb2 Qxc5 27. Rd8 Na6 28.
Bd4 Bxd4 29. R8xd4 Qe5 30. c5 Nxc5 31. Rc4 Ne6 32. Rxc6 Red8 33. Rxd8+ Rxd8 34.
Qc4 Ng5 35. Rc8 Rxc8 36. Qxc8+ Kg7 37. Qd7+ Kh6 38. Kg2 Nf3 39. Qd8 Ng5 40.
Qf8+ Qg7 41. Qd8 a4 1/2-1/2

[Event "I Festival dell'Etna A"]
[Site "Nicolosi ITA"]
[Date "2014.12.07"]
[Round "4"]
[White "Astorina, Davide"]
[Black "Aceto, Andrea"]
[WhiteElo "1563"]
[BlackElo "1771"]
[Result "0-1"]
[PlyCount "58"]
[EventDate "2014.12.05"]

1. d4 d5 2. c4 e6 3. Nc3 Nf6 4. Nf3 b6 5. e3 Bb7 6. cxd5 Nxd5 7. Be2 Nd7 8. O-O
Be7 9. a3 Nxc3 10. bxc3 c5 11. Nd2 O-O 12. Bf3 Bxf3 13. Nxf3 Qc7 14. e4 Rad8
15. Re1 e5 16. d5 c4 17. Qa4 Rb8 18. Rb1 Rbc8 19. Bg5 f6 20. Be3 Rfd8 21. Nh4
g6 22. Nf3 Bc5 23. Bxc5 Qxc5 24. Rb5 Qd6 25. Nd2 a6 26. Qxa6 Ra8 27. Nxc4 Qc7
28. Qxa8 Rxa8 29. Reb1 Qxc4 0-1

[Event "I Festival dell'Etna A"]
[Site "Nicolosi ITA"]
[Date "2014.12.07"]
[Round "4"]
[White "Auci, Matteo"]
[Black "Russo, Carmelo"]
[WhiteElo "1500"]
[BlackElo "1647"]
[Result "1-0"]
[PlyCount "57"]
[EventDate "2014.12.05"]

1. e4 c5 2. Ne2 e5 3. Nbc3 Nf6 4. g3 d5 5. exd5 Nxd5 6. Bg2 Nxc3 7. Nxc3 Nc6 8.
O-O Bd6 9. d3 O-O 10. Be3 Ne7 11. Ne4 Rb8 12. Nxc5 Nf5 13. Ne4 Nxe3 14. fxe3
Qb6 15. Qf3 Be7 16. b3 Bd7 17. Nd2 Bc6 18. Qe2 Bxg2 19. Kxg2 Rbc8 20. Nc4 Qc6+
21. e4 Bf6 22. Rf2 b5 23. Ne3 Be7 24. Nd5 Ba3 25. b4 Qd6 26. c3 a5 27. Qg4 f6
28. Qf5 Bb2 29. Rxb2 1-0

[Event "I Festival dell'Etna A"]
[Site "Nicolosi ITA"]
[Date "2014.12.07"]
[Round "4"]
[White "Baiocchi, Emanuele"]
[Black "Bifulco, Michel"]
[WhiteElo "1947"]
[BlackElo "2110"]
[Result "0-1"]
[PlyCount "136"]
[EventDate "2014.12.05"]

1. e4 g6 2. Nc3 c6 3. g3 d5 4. exd5 cxd5 5. Bg2 e6 6. d3 Bg7 7. Nge2 Ne7 8. O-O
O-O 9. Re1 Nbc6 10. Bg5 h6 11. Bxe7 Nxe7 12. Nf4 a6 13. Qd2 b5 14. Nd1 Rb8 15.
d4 Nf5 16. c3 b4 17. Ne3 bxc3 18. bxc3 Nxe3 19. fxe3 Bd7 20. Nd3 Bb5 21. Nc5
Qc7 22. Bf1 Bxf1 23. Rxf1 Rb6 24. Qd3 Ra8 25. Rab1 Rxb1 26. Rxb1 Bf8 27. Nb3
Rc8 28. Rc1 Qc6 29. Nd2 Qa4 30. Qb1 Qa3 31. Nb3 a5 32. Qc2 Rb8 33. Rb1 Qa4 34.
Kf2 Rc8 35. Qd2 Qb5 36. Rb2 Qa6 37. Rc2 Ba3 38. Qe2 Qb6 39. c4 dxc4 40. Rxc4
Rxc4 41. Qxc4 Qb4 42. Qxb4 Bxb4 43. a3 a4 44. Nc5 Bxa3 45. Nxa4 Kg7 46. Kf3 Kf6
47. Nc3 g5 48. g4 Kg6 49. h3 Bb2 50. Nb5 f5 51. Nc7 Kf6 52. gxf5 exf5 53. Nb5
h5 54. Nd6 Ba3 55. Nc4 Bb4 56. e4 g4+ 57. hxg4 fxg4+ 58. Kg2 Kg5 59. Ne3 Bd2
60. Nf1 Bc3 61. d5 Be5 62. Ng3 h4 63. Nf5 h3+ 64. Kh1 Kf4 65. d6 Kxe4 66. d7
Bc7 67. Nh6 g3 68. Nf7 g2+ 0-1

[Event "I Festival dell'Etna A"]
[Site "Nicolosi ITA"]
[Date "2014.12.07"]
[Round "4"]
[White "Bandieramonte, Enrico"]
[Black "Gigante, Giovanni"]
[WhiteElo "1665"]
[BlackElo "1801"]
[Result "0-1"]
[PlyCount "144"]
[EventDate "2014.12.05"]

1. Nf3 c5 2. g3 b6 3. Bg2 Bb7 4. d3 Nf6 5. O-O e6 6. Nc3 d5 7. Bg5 Be7 8. Bf4
a6 9. Ne5 Nc6 10. Nxc6 Bxc6 11. e4 O-O 12. exd5 Nxd5 13. Bd2 Bg5 14. Ne4 Bxd2
15. Qxd2 b5 16. Nxc5 Qb6 17. d4 Rfd8 18. Qe2 Rac8 19. c3 a5 20. a3 Nf6 21. Rfe1
Bd5 22. Bxd5 Rxd5 23. Rad1 Rcd8 24. Nd3 h6 25. Nf4 Rf5 26. Nd3 Rfd5 27. g4 Nxg4
28. h4 Nf6 29. Ne5 Qd6 30. Rd3 Rxe5 31. Qxe5 Qxe5 32. Rxe5 Nd5 33. Rf3 a4 34.
Kf1 Rd6 35. Ke1 f6 36. Re2 g6 37. Rc2 Rc6 38. Kd2 Kg7 39. Rc1 Nb6 40. Rg1 Rd6
41. Rfg3 g5 42. hxg5 hxg5 43. Kc2 Kf7 44. Rh3 Nd5 45. Rh7+ Kg6 46. Rb7 Nb6 47.
f4 g4 48. Rxg4+ Kf5 49. Rh4 Ke4 50. f5+ Kxf5 51. Rh5+ Ke4 52. Rxb5 Nc4 53. Rh5
f5 54. Rc7 Ne3+ 55. Kc1 e5 56. Re7 Rd5 57. Rh4+ f4 58. Rxe5+ Rxe5 59. dxe5 Kxe5
60. b4 axb3 61. Kb2 f3 62. Kxb3 Ng2 63. Rh1 Ne3 64. a4 Kf4 65. a5 Kg3 66. Rh8
f2 67. Rf8 Nd5 68. c4 Nf4 69. Rg8+ Kf3 70. a6 f1=Q 71. a7 Qb1+ 72. Kc3 Qa1+ 0-1

[Event "I Festival dell'Etna A"]
[Site "Nicolosi ITA"]
[Date "2014.12.07"]
[Round "4"]
[White "Barbagallo, Andrea"]
[Black "Lombardo, Corrado"]
[WhiteElo "1677"]
[BlackElo "1855"]
[Result "0-1"]
[PlyCount "52"]
[EventDate "2014.12.05"]

1. e4 c5 2. Nf3 a6 3. d4 cxd4 4. Nxd4 Nf6 5. Nc3 e5 6. Nb3 Bb4 7. Bd3 d5 8. O-O
Bxc3 9. bxc3 dxe4 10. Bc4 Qc7 11. Be2 Be6 12. Ba3 Nbd7 13. Qe1 Nd5 14. c4 Nf4
15. c5 Qc6 16. Na5 Qa4 17. Bb4 Nxe2+ 18. Kh1 Nd4 19. Nxb7 Nxc2 20. Nd6+ Ke7 21.
Qd2 Qxb4 22. Nf5+ Bxf5 23. Qd6+ Ke8 24. Rab1 Qxc5 25. Qxc5 Nxc5 26. Rbc1 e3 0-1

[Event "I Festival dell'Etna A"]
[Site "Nicolosi ITA"]
[Date "2014.12.07"]
[Round "4"]
[White "Biot, Thomas"]
[Black "Furnari, Francesco"]
[WhiteElo "1602"]
[BlackElo "1850"]
[Result "1/2-1/2"]
[PlyCount "103"]
[EventDate "2014.12.05"]

1. e4 d5 2. exd5 Qxd5 3. Nc3 Qa5 4. b4 Qxb4 5. Rb1 Qd6 6. Nf3 Nf6 7. g3 Nc6 8.
Bg2 e6 9. O-O Be7 10. Qe2 O-O 11. Rd1 Re8 12. Bb2 Qd8 13. Ng5 Nb4 14. d3 Rb8
15. Nb5 a6 16. Nd4 h6 17. Nh3 Nfd5 18. c4 c5 19. Nxe6 Bxe6 20. cxd5 Nxd5 21. d4
cxd4 22. Bxd4 Bf6 23. Qh5 Bxd4 24. Rxd4 Nf6 25. Rxd8 Nxh5 26. Rxe8+ Rxe8 27.
Rxb7 Bxa2 28. Bf1 Re1 29. Rb8+ Kh7 30. Kg2 a5 31. Bd3+ g6 32. Rb5 Nf6 33. Rxa5
Bd5+ 34. f3 Re3 35. Nf4 Bxf3+ 36. Kh3 Kg7 37. Bc4 Ng4 38. Ra2 g5 39. Nd5 Re4
40. Bb3 Re5 41. Rd2 Nf2+ 42. Rxf2 g4+ 43. Kh4 Bxd5 44. Bxd5 Rxd5 45. Kxg4 h5+
46. Kh4 Kg6 47. g4 Rd4 48. h3 f6 49. Rf5 hxg4 50. hxg4 Rd1 51. Kg3 Rg1+ 52. Kh4
1/2-1/2

[Event "I Festival dell'Etna A"]
[Site "Nicolosi ITA"]
[Date "2014.12.07"]
[Round "4"]
[White "Bruno, Alessio"]
[Black "La Franca, Vincenzo"]
[WhiteElo "1338"]
[BlackElo "1591"]
[Result "1-0"]
[PlyCount "129"]
[EventDate "2014.12.05"]

1. d4 d5 2. Nf3 e6 3. e3 f5 4. c4 c6 5. Bd3 Nf6 6. Nc3 Bd6 7. cxd5 exd5 8. Qc2
Ne4 9. Bd2 Nd7 10. Ne2 Ndf6 11. Ng3 g6 12. Bxe4 Nxe4 13. Nxe4 fxe4 14. Ne5 Bxe5
15. dxe5 O-O 16. Bc3 Be6 17. Bd4 Qg5 18. g3 Qg4 19. Qe2 Qxe2+ 20. Kxe2 Bg4+ 21.
Ke1 a6 22. h4 Bf3 23. Rh2 Rac8 24. Rc1 h5 25. Bc5 Rfe8 26. Bd4 c5 27. Rxc5 Rxc5
28. Bxc5 Rxe5 29. Bd4 Re8 30. Kd2 Rc8 31. Bc3 Kf7 32. Bd4 Ke6 33. Bc3 Rc6 34.
a3 Kd7 35. Bh8 a5 36. Bc3 a4 37. Bh8 Rc4 38. Bg7 b5 39. Bc3 Kc6 40. Ke1 Kc5 41.
Bd4+ Rxd4 42. exd4+ Kxd4 43. Kd2 Kc4 44. Kc2 d4 45. g4 d3+ 46. Kc1 hxg4 47. h5
gxh5 48. Kd2 Kb3 49. Rxh5 g3 50. Rxb5+ Kc4 51. Rb4+ Kc5 52. fxg3 Kd5 53. Rxa4
Kc5 54. Rb4 Kd5 55. a4 Kc5 56. Rb8 Kd4 57. Rd8+ Kc4 58. b3+ Kxb3 59. a5 Be2 60.
g4 Bxg4 61. a6 Bf3 62. a7 Kb2 63. a8=Q e3+ 64. Kxe3 Bxa8 65. Rxa8 1-0

[Event "I Festival dell'Etna A"]
[Site "Nicolosi ITA"]
[Date "2014.12.07"]
[Round "4"]
[White "Dagnino, Marcello"]
[Black "Licata, Silvio"]
[WhiteElo "1524"]
[BlackElo "1489"]
[Result "1-0"]
[PlyCount "59"]
[EventDate "2014.12.05"]

1. d4 Nf6 2. Nf3 e6 3. e3 g6 4. Bd3 Bg7 5. O-O b6 6. b3 Bb7 7. Bb2 O-O 8. Nbd2
d6 9. Re1 Nbd7 10. Rc1 Rc8 11. Qe2 Ba8 12. Ba1 c5 13. c4 cxd4 14. exd4 d5 15.
Qd1 dxc4 16. Nxc4 Nd5 17. Qd2 N5f6 18. Nfe5 Nxe5 19. dxe5 Qd5 20. Ne3 Ne4 21.
Nxd5 Nxd2 22. Ne7+ Kh8 23. Nxc8 Rd8 24. Nd6 Kg8 25. Rc2 f6 26. Rxd2 fxe5 27.
Bc4 Bd5 28. Ne4 Bh6 29. Rdd1 Bg7 30. Ng5 1-0